Monthly statistics of building materials and components (Record no. 106481)

MARC details
000 -LEADER
fixed length control field 01701cam a2200217 4500
001 - CONTROL NUMBER
control field ##L136706
008 - FIXED-LENGTH DATA ELEMENTS--GENERAL INFORMATION
fixed length control field 000000n2007 000 0 eng u
022 1# - INTERNATIONAL STANDARD SERIAL NUMBER
International Standard Serial Number 0264-6188
035 ## - SYSTEM CONTROL NUMBER
System control number (Sirsi) u136706
041 0# - LANGUAGE CODE
Language code of text/sound track or separate title eng
050 04 - LIBRARY OF CONGRESS CALL NUMBER
Classification number 691.0212 $2 18
110 1# - MAIN ENTRY--CORPORATE NAME
Corporate name or jurisdiction name as entry element United Kingdom
Subordinate unit Department of Trade and Industry
245 00 - TITLE STATEMENT
Title Monthly statistics of building materials and components
260 ## - PUBLICATION, DISTRIBUTION, ETC.
Place of publication, distribution, etc. London
Name of publisher, distributor, etc. DTI
Date of publication, distribution, etc. 2007
300 ## - PHYSICAL DESCRIPTION
Extent iii, 35p
Other physical details tables
Dimensions 30cm
350 ## - PRICE (NR) (BK AM CF MU VM SE) [OBSOLETE]
Price 120
505 ## - FORMATTED CONTENTS NOTE
Formatted contents note Construction material price indices -- Price indices of construction materials : monthly -- Price indices of construction materials : annual averages -- Sales of sand and gravel by English regions, Wales and Scotland -- Sales of sand and gravel by English and Welsh counties and Scottish regions -- Slate : production, deliveries and stocks -- Deliveries of sand and gravel and ready-mixed concrete -- Cement and clinker : production, deliveries and stocks -- Deliveries of bricks, concrete building blocks and cement -- Bricks : production, deliveries and stocks for Great Britain -- Bricks : production deliveries and stocks by English regions, Wales and Scotland -- Concrete building blocks : production, deliveries and stocks for Great Britain -- Concrete building blocks : production, deliveries and stocks by English regions, Wales and Scotland -- Concrete roofing tiles; fibre cement products; ready-mixed concrete -- Comparison of imports and exports -- Value of overseas trade in selected materials and components for constructional use : imports (cif) and export (fob)
690 ## - LOCAL SUBJECT ADDED ENTRY--TOPICAL TERM (OCLC, RLIN)
Topical term or geographic name as entry element BUILT ENVIRONMENT-BUILDING COSTS
710 1# - ADDED ENTRY--CORPORATE NAME
Corporate name or jurisdiction name as entry element United Kingdom
Subordinate unit Office of National Statistics
9 (RLIN) 2035
942 ## - ADDED ENTRY ELEMENTS (KOHA)
Suppress in OPAC 0
Holdings
Withdrawn status Lost status Source of classification or shelving scheme Damaged status Not for loan Home library Current library Shelving location Date acquired Total Checkouts Full call number Barcode Date last seen Copy number Price effective from Koha item type
    Dewey Decimal Classification     London London Statistics 16/02/2007   STATISTICS NO. 383 JAN 2007 30073658 06/08/2019 1 06/08/2019 Reference material